Advertising and integrated brand promotion
ADVERTISING AND INTEGRATED BRAND PROMOTION, 4th Edition is highly visual and provides an integrated learning experience for the student. The new edition continues the tradition of delivering a solid understanding of advertising strategy, through a clearly written text as well as through the most con...
Đã lưu trong:
| 主要作者: | |
|---|---|
| 格式: | 图书 |
| 语言: | Undetermined |
| 出版: |
Mason
Thomson/South-Western
2006
|
| 主题: | |
| 标签: |
添加标签
没有标签, 成为第一个标记此记录!
|
| Thư viện lưu trữ: | Trung tâm Học liệu Trường Đại học Cần Thơ |
|---|
| LEADER | 01179nam a2200205Ia 4500 | ||
|---|---|---|---|
| 001 | CTU_100350 | ||
| 008 | 210402s9999 xx 000 0 und d | ||
| 020 | |c 1896000 | ||
| 082 | |a 659.1 | ||
| 082 | |b O.11 | ||
| 100 | |a O'Guinn, Thomas C. | ||
| 245 | 0 | |a Advertising and integrated brand promotion | |
| 245 | 0 | |c Thomas C. O'Guinn, Chris T. Allen, Richard J. Semenik | |
| 260 | |a Mason | ||
| 260 | |b Thomson/South-Western | ||
| 260 | |c 2006 | ||
| 520 | |a ADVERTISING AND INTEGRATED BRAND PROMOTION, 4th Edition is highly visual and provides an integrated learning experience for the student. The new edition continues the tradition of delivering a solid understanding of advertising strategy, through a clearly written text as well as through the most contemporary ads. The table of contents follows the same process as an advertising agency. Like other aspects of business, good advertising is the result of hard work and careful planning. The new edition of Advertising and Integrated Brand Promotion illustrates how to best accomplish this. | ||
| 650 | |a Advertising,Advertising media planning | ||
| 904 | |i Giang | ||
| 980 | |a Trung tâm Học liệu Trường Đại học Cần Thơ | ||